LEADER 00940nam--2200349---450- 001 990001218740203316 005 20050803103745.0 035 $a000121874 035 $aUSA01000121874 035 $a(ALEPH)000121874USA01 035 $a000121874 100 $a20031024d1959----km-y0itay0103----ba 101 0 $afre 102 $aFR 105 $a||||||||001yy 200 1 $a<> Alouette$fJean Anouilh 210 $aParis$cLa table ronde$d1959 215 $a231 p.$din 16°, 19 cm 410 0$12001 454 1$12001 461 1$1001-------$12001 700 1$aANOUILH,$bJean$0196483 801 0$aIT$bsalbc$gISBD 912 $a990001218740203316 951 $aXIII.1.A. 220(II F A 273)$b9772 L.M.$cII F 959 $aBK 969 $aUMA 979 $aSIAV1$b10$c20031024$lUSA01$h1253 979 $aPATRY$b90$c20040406$lUSA01$h1727 979 $aCOPAT5$b90$c20050803$lUSA01$h1037 996 $aAlouette$9211942 997 $aUNISA LEADER 02197nam 2200505z- 450 001 9910557503103321 005 20211118 035 $a(CKB)5400000000044525 035 $a(oapen)https://directory.doabooks.org/handle/20.500.12854/72887 035 $a(oapen)doab72887 035 $a(EXLCZ)995400000000044525 100 $a20202111d2019 |y 0 101 0 $aeng 135 $aurmn|---annan 181 $ctxt$2rdacontent 182 $cc$2rdamedia 183 $acr$2rdacarrier 200 00$aTime Perception and Dysfunction: Clinical and Practical Implications 210 $cFrontiers Media SA$d2019 215 $a1 online resource (167 p.) 225 1 $aFrontiers Research Topics 311 08$a2-88945-704-4 330 $aThis eBook is a collection of articles from a Frontiers Research Topic. Frontiers Research Topics are very popular trademarks of the Frontiers Journals Series: they are collections of at least ten articles, all centered on a particular subject. With their unique mix of varied contributions from Original Research to Review Articles, Frontiers Research Topics unify the most influential researchers, the latest key findings and historical advances in a hot research area! Find out more on how to host your own Frontiers Research Topic or contribute to one as an author by contacting the Frontiers Editorial Office: frontiersin.org/about/contact 517 $aTime Perception and Dysfunction 606 $aNeurosciences$2bicssc 606 $aScience: general issues$2bicssc 610 $aTemporal  610 $atemporal processing 610 $atime processing 610 $atiming 610 $atiming dysfunction 615 7$aNeurosciences 615 7$aScience: general issues 700 $aDavalos$b Deana$4edt$01303771 702 $aMioni$b Giovanna$4edt 702 $aGrondin$b Simon$4edt 702 $aOrtuño$b Felipe$4edt 702 $aDavalos$b Deana$4oth 702 $aMioni$b Giovanna$4oth 702 $aGrondin$b Simon$4oth 702 $aOrtuño$b Felipe$4oth 906 $aBOOK 912 $a9910557503103321 996 $aTime Perception and Dysfunction: Clinical and Practical Implications$93027199 997 $aUNINA LEADER 04972oam 22005173 450 001 9910953730403321 005 20240912161049.0 010 $a9781118581766$b(electronic bk.) 010 $z9781118581780 035 $a(MiAaPQ)EBC4036479 035 $a(Au-PeEL)EBL4036479 035 $a(CaPaEBR)ebr11111083 035 $a(OCoLC)927508465 035 $a(MiAaPQ)EBC7103826 035 $a(CKB)17690268000041 035 $a(BIP)54548323 035 $a(BIP)49006744 035 $a(EXLCZ)9917690268000041 100 $a20220831d2015 uy 0 101 0 $aeng 135 $aurcnu|||||||| 181 $ctxt$2rdacontent 182 $cc$2rdamedia 183 $acr$2rdacarrier 200 10$aBioinformatics and Functional Genomics 205 $a3rd ed. 210 1$aHoboken :$cJohn Wiley & Sons, Incorporated,$d2015. 210 4$d©2015. 215 $a1 online resource (1161 pages) 311 08$aPrint version: Pevsner, Jonathan Bioinformatics and Functional Genomics Hoboken : John Wiley & Sons, Incorporated,c2015 9781118581780 327 $aCover -- Title Page -- Copyright Page -- Contents in Brief -- Contents -- Preface to the Third Edition -- About the Companion Website -- Part I Analyzing DNA, RNA, and Protein Sequences -- 1 Introduction -- 2 Access to Sequence Data and Related Information -- 3 Pairwise Sequence Alignment -- 4 Basic Local Alignment Search Tool (BLAST) -- 5 Advanced Database Searching -- 6 Multiple Sequence Alignment -- 7 Molecular Phylogeny and Evolution -- Part II Genomewide Analysis of DNA, RNA, and Protein -- 8 DNA: The Eukaryotic Chromosome -- 9 Analysis of Next-Generation Sequence Data -- 10 Bioinformatic Approaches to Ribonucleic Acid (RNA) -- 11 Gene Expression: Microarray and RNA-seq Data Analysis -- 12 Protein Analysis and Proteomics -- 13 Protein Structure -- 14 Functional Genomics -- Part III Genome Analysis -- 15 Genomes Across the Tree of Life -- 16 Completed Genomes: Viruses -- 17 Completed Genomes: Bacteria and Archaea -- 18 Eukaryotic Genomes: Fungi -- 19 Eukaryotic Genomes: From Parasites to Primates -- 20 Human Genome -- 21 Human Disease -- Glossary -- Self-Test Quiz: Solutions -- Author Index -- Subject Index -- Wiley End User License Agreement. 330 $aThe bestselling introduction to bioinformatics and genomics - now in its third edition Widely received in its previous editions, Bioinformatics and Functional Genomics offers the most broad-based introduction to this explosive new discipline. Now in a thoroughly updated and expanded third edition, it continues to be the go-to source for students and professionals involved in biomedical research. This book provides up-to-the-minute coverage of the fields of bioinformatics and genomics. Features new to this edition include: Extensive revisions and a slight reorder of chapters for a more effective organization A brand new chapter on next-generation sequencing An expanded companion website, also updated as and when new information becomes available Greater emphasis on a computational approach, with clear guidance of how software tools work and introductions to the use of command-line tools such as software for next-generation sequence analysis, the R programming language, and NCBI search utilities The book is complemented by lavish illustrations and more than 500 figures and tables - many newly-created for the third edition to enhance clarity and understanding. Each chapter includes learning objectives, a problem set, pitfalls section, boxes explaining key techniques and mathematics/statistics principles, a summary, recommended reading, and a list of freely available software. Readers may visit a related Web page for supplemental information such as PowerPoints and audiovisual files of lectures, and videocasts of how to perform many basic operations: www.wiley.com/go/pevsnerbioinformatics. Bioinformatics and Functional Genomics, Third Edition serves as an excellent single-source textbook for advanced undergraduate and beginning graduate-level courses in the biological sciences and computer sciences. It is also an indispensable resource for biologists in a broad variety of disciplines who use the tools of bioinformatics and genomics to study particular research problems; bioinformaticists and computer scientists who develop computer algorithms and databases; and medical researchers and clinicians who want to understand the genomic basis of viral, bacterial, parasitic, or other diseases. 606 $aBioinformatics 606 $aGenomics -- Data processing 606 $aMolecular biology -- Data processing 615 0$aBioinformatics. 615 0$aGenomics -- Data processing. 615 0$aMolecular biology -- Data processing. 676 $a572.8/6 700 $aPevsner$b Jonathan$0508242 801 0$bMiAaPQ 801 1$bMiAaPQ 801 2$bMiAaPQ 912 $a9910953730403321 996 $aBioinformatics and functional genomics$9774959 997 $aUNINA